Gigant steps for little people / Kenneth N. Taylor ; MarkD. Taylor; ilustraciones Kathryn E. Shoemaker (Registro nro. 48975)
[ vista simple ]
| 000 -LÍDER | |
|---|---|
| Campo fijo de descripción fija | 004310000a22001450004500 |
| 020 ## - NÚMERO INTERNACIONAL NORMALIZADO PARA LIBROS | |
| Número Internacional Normalizado del libro | 0-8423-1023-1 |
| 082 04 - NÚMERO DE CLASIFICACIÓN DECIMAL DEWEY | |
| Número de clasificación | DI CT T238g |
| 001 - NÚMERO DE CONTROL | |
| Campo de control | 1820 |
| 100 1# - ASIENTO PRINCIPAL--NOMBRE PERSONAL | |
| Nombre personal | Taylor, Kenneth N. |
| 245 10 - TÍTULO | |
| Título del Material | Gigant steps for little people / Kenneth N. Taylor ; MarkD. Taylor; ilustraciones Kathryn E. Shoemaker |
| 260 ## - PUBLICACIÓN, DISTRIBUCIÓN, ETC. (PIE DE IMPRENTA) | |
| Lugar de publicación, distribución, etc. | USA : Tyndale House Publisher, inc. |
| 300 ## - DESCRIPCIÓN FÍSICA | |
| Extensión | (60 P.) |
| 650 14 - ASIENTO SECUNDARIO DE MATERIA - TERMINO TEMÁTICO | |
| Término temático o nombre geográfico como elemento de entrada | Literatura infantil estadounidense |
| 942 ## - TIPO DE MATERIAL (KOHA) | |
| Tipo de Item KOHA | Z- Libro General BINCO |
| Estado de Material | Estado de Perdido | Volumen-Parte/Tomo | Estado de Dañado | No para Préstamo | Tomo | Biblioteca de Origen | Biblioteca Permanente | Fecha de Adquisición | Total de Préstamos | Signatura Topográfica | Código de Barras | Última vez visto | Ejemplar/Existencia | Fecha de Remplazo | Tipo de Material |
|---|---|---|---|---|---|---|---|---|---|---|---|---|---|---|---|
| Biblioteca Infantil Comunitaria BINCO | Biblioteca Infantil Comunitaria BINCO | 05/12/2008 | DI CT T238g | B31787 | 24/11/2016 | 1 | 26/01/2016 | Z- Libro General BINCO |
